Cross-Sectional and Longitudinal Associations Between Pornography Use and Dating Violence Victimization: Are There Risks for Teenagers?

Dating violence victimization (DVV) is a prevalent public health problem with harmful consequences among adolescents. Pornography use has been identified among the factors associated with DVV. However, most studies have relied on cross-sectional designs, limiting the ability to determine temporal re...

Full description

Saved in:  
Bibliographic Details
Authors: Martel, Sara (Author) ; Bergeron, Sophie (Author) ; Bőthe, Beáta (Author) ; Vaillancourt-Morel, Marie-Pier (Author) ; Hébert, Martine (Author) ; Dion, Jacinthe (Author)
Format: Electronic Article
Language:English
Published: 2025
In: Journal of interpersonal violence
Year: 2025, Volume: 40, Issue: 23/24, Pages: 5707-5728
Online Access: Volltext (kostenfrei)
Check availability: HBZ Gateway
Keywords:

MARC

LEADER 00000caa a22000002c 4500
001 1942054785
003 DE-627
005 20251217144334.0
007 cr uuu---uuuuu
008 251123s2025 xx |||||o 00| ||eng c
024 7 |a 10.1177/08862605241307228  |2 doi 
035 |a (DE-627)1942054785 
035 |a (DE-599)KXP1942054785 
040 |a DE-627  |b ger  |c DE-627  |e rda 
041 |a eng 
084 |a 2,1  |2 ssgn 
100 1 |a Martel, Sara  |e VerfasserIn  |0 (orcid)0000-0001-6380-8574  |4 aut 
245 1 0 |a Cross-Sectional and Longitudinal Associations Between Pornography Use and Dating Violence Victimization: Are There Risks for Teenagers? 
264 1 |c 2025 
336 |a Text  |b txt  |2 rdacontent 
337 |a Computermedien  |b c  |2 rdamedia 
338 |a Online-Ressource  |b cr  |2 rdacarrier 
520 |a Dating violence victimization (DVV) is a prevalent public health problem with harmful consequences among adolescents. Pornography use has been identified among the factors associated with DVV. However, most studies have relied on cross-sectional designs, limiting the ability to determine temporal relationships between these variables. The present study assessed bidirectional longitudinal associations between pornography use and DVV (psychological, physical, and sexual), also examining cross-sectional associations and gender differences. Participants’ self-report data from two assessments of a longitudinal study were used. The sample consisted of 1,556 teenagers (Mage = 14.55 years, SDage = .630; 51.5% were girls) having reported an intimate relationship in the past year at the first and/or second time point (T1/T2). Whereas some cross-sectional associations between pornography use and DVV were observed at T1, results from the autoregressive cross-lagged model revealed no significant longitudinal association between pornography use and the three forms of DVV, regardless of gender. Thus, pornography use may not represent a significant risk factor over time for DVV in adolescents. These findings provide additional insights concerning the associations between pornography use and DVV and suggest that emphasis should perhaps be placed on other variables in the study of risk factors for DVV. Still, although modest, transversal links support the importance of interventions that promote healthy intimate relationships in adolescence and education about pornography use. 
650 4 |a adolescent health 
650 4 |a sexually explicit material 
650 4 |a Pornography 
650 4 |a Intimate violence 
700 1 |a Bergeron, Sophie  |e VerfasserIn  |0 (DE-588)171573935  |0 (DE-627)061790540  |0 (DE-576)132357879  |4 aut 
700 1 |a Bőthe, Beáta  |e VerfasserIn  |4 aut 
700 1 |a Vaillancourt-Morel, Marie-Pier  |e VerfasserIn  |0 (orcid)0000-0002-8634-3463  |4 aut 
700 1 |a Hébert, Martine  |e VerfasserIn  |0 (orcid)0000-0002-4531-5124  |4 aut 
700 1 |a Dion, Jacinthe  |e VerfasserIn  |0 (orcid)0000-0003-2701-6283  |4 aut 
773 0 8 |i Enthalten in  |t Journal of interpersonal violence  |d London [u.a.] : Sage, 1986  |g 40(2025), 23/24, Seite 5707-5728  |h Online-Ressource  |w (DE-627)324614721  |w (DE-600)2028900-5  |w (DE-576)276556305  |x 1552-6518  |7 nnas 
773 1 8 |g volume:40  |g year:2025  |g number:23/24  |g pages:5707-5728 
856 4 0 |u https://doi.org/10.1177/08862605241307228  |x Resolving-System  |z kostenfrei  |3 Volltext  |7 0 
935 |a mkri 
951 |a AR 
ELC |a 1 
LOK |0 000 xxxxxcx a22 zn 4500 
LOK |0 001 4811696174 
LOK |0 003 DE-627 
LOK |0 004 1942054785 
LOK |0 005 20251123043605 
LOK |0 008 251123||||||||||||||||ger||||||| 
LOK |0 035   |a (DE-2619)KrimDok#2025-11-22#5D61F7A4E36FBE1DBF8BF3C4A7DF437AB08928EA 
LOK |0 040   |a DE-2619  |c DE-627  |d DE-2619 
LOK |0 092   |o n 
LOK |0 852   |a DE-2619 
LOK |0 852 1  |9 00 
LOK |0 935   |a zota 
LOK |0 939   |a 23-11-25  |b l01 
OAS |a 1 
ORI |a SA-MARC-krimdoka001.raw